Trendy vývoja ochrán vedení 400 kV
Saved in:
| Main Author: | |
|---|---|
| Other Authors: | |
| Format: | Manuscript Book |
| Language: | Slovak |
| Published: |
2015
|
| Subjects: | |
| Online Access: | http://is.stuba.sk/zp/portal_zp.pl?podrobnosti=111920 |
| Tags: |
No Tags, Be the first to tag this record!
|
MARC
| LEADER | 00000ntm a22000003a 4500 | ||
|---|---|---|---|
| 001 | stuzp52719 | ||
| 003 | SK-STU | ||
| 005 | 20160719154246.8 | ||
| 007 | ta | ||
| 008 | 150427s2015----xo-----f-mn---000-0-slo-d | ||
| 040 | |a STU |b slo | ||
| 041 | 0 | |a slo | |
| 100 | 1 | |a Szombath, Tomáš |u 032000 |4 aut |U FEI Fakulta elektrotechniky a informatiky |T FEI Ústav elektroenergetiky a aplikovanej elektrotechniky |X 6123 |U E020 |Y 548 |7 A000006123 | |
| 242 | 0 | 1 | |a Trends in protection development of 400 kV power lines |y eng |
| 245 | 1 | 0 | |a Trendy vývoja ochrán vedení 400 kV |
| 260 | |c 2015 | ||
| 300 | |a 86 s., príl. |b DVD | ||
| 650 | 4 | |a dištančná ochrana |2 slo | |
| 650 | 4 | |a elektrické vedenie |2 slo | |
| 650 | 4 | |a terminál RED670 |2 slo | |
| 650 | 4 | |a testovací protokol |2 slo | |
| 650 | 4 | |a Omicron |2 slo | |
| 650 | 4 | |a miesto skratu |2 slo | |
| 650 | 4 | |a distance protection |2 eng | |
| 650 | 4 | |a test protocol |2 eng | |
| 650 | 4 | |a Omicron |2 eng | |
| 650 | 4 | |a fault location |2 eng | |
| 650 | 4 | |a terminal RED670 |2 eng | |
| 650 | 4 | |a power line |2 eng | |
| 700 | 1 | |a Janíček, František |4 ths |X 1958 |7 A000001958 | |
| 856 | 4 | |u http://is.stuba.sk/zp/portal_zp.pl?podrobnosti=111920 | |
| 996 | |b 284EP11232 |c E*DIPL- 11232 |l EE32 |s P |a 0 |w stuzp52719_0001 | ||
| SQL | |a stuzp52719 |b DDP |c SLO |d Trendy vývoja ochrán vedení 400 kV |e 6123 |f Szombath, Tomáš |g 032000 |h 1958 |i Janíček, František |j 20150618 |k 79 |l 03 |m http://is.stuba.sk/zp/portal_zp.pl?podrobnosti=111920 |n I-EE |o 5.2.9. elektrotechnika | ||